Figures I
Salvato in:
| Autore principale: | |
|---|---|
| Natura: | Libro |
| Lingua: | Undetermined |
| Pubblicazione: |
París, Francia
Seuil
1966
|
| Soggetti: | |
| Tags: |
Aggiungi Tag
Nessun Tag, puoi essere il primo ad aggiungerne!!
|
MARC
| LEADER | 00000nam a2200000Ia 4500 | ||
|---|---|---|---|
| 008 | 170316s9999 xx 000 0 und d | ||
| 090 | |a 801 G-13f v.I | ||
| 100 | |a Genette, Gerard | ||
| 245 | |a Figures I | ||
| 260 | |a París, Francia | ||
| 260 | |b Seuil | ||
| 260 | |c 1966 | ||
| 300 | |a 265 páginas | ||
| 650 | |a TEORÍA LITERARIA | ||
| 999 | |c 20295 |d 20295 | ||
| 040 | |a cru BVZT | ||
| 942 | |c 15 D |h 801 G-13f v.I |2 z | ||
